El Evangelio de Mateo: el difícil consenso en una iglesia prural
Saved in:
| 主要作者: | |
|---|---|
| 格式: | 圖書 |
| 語言: | 西班牙语 |
| 出版: |
Santander
Editorial Sal Terrae
2009
|
| 版: | 1a. ed |
| 叢編: | Colección Pastoral, 88
|
| 主題: | |
| 標簽: |
添加標簽
沒有標簽, 成為第一個標記此記錄!
|
MARC
| LEADER | 00000cam a2200000 a 4500 | ||
|---|---|---|---|
| 001 | UCD7032 | ||
| 003 | CL-VaPUC | ||
| 008 | 170303e20090000sp |||||||||||||||||spa|d | ||
| 020 | |a 9788429318128o.c | ||
| 020 | |a 9788429318135v.1 | ||
| 082 | 0 | 4 | |a 226.2 |b RIE |2 21 |
| 100 | 0 | |a Riera i Figueras, Francesc |e author |9 590978 | |
| 245 | 1 | 3 | |a El Evangelio de Mateo: el difícil consenso en una iglesia prural |
| 250 | |a 1a. ed | ||
| 300 | |a 254 p | ||
| 942 | |c BK | ||
| 945 | |d 20170303 17:35:00 |a arojas | ||
| 260 | |a Santander |b Editorial Sal Terrae |c 2009 | ||
| 500 | |a v.1: El Jordán - Galilea - hacia Jerusalén -Mt 3 - 20) | ||
| 650 | 0 | |a Nuevo testamento |9 257604 | |
| 650 | 0 | |a Evangelios |9 314864 | |
| 650 | 0 | |a Evangelio de San Mateo |9 584186 | |
| 583 | |a last modification |c 20170303 17:35:00 |k Rodrigo Vera | ||
| 490 | 0 | |a Colección Pastoral, 88 | |
| 999 | |c 367199 |d 367197 | ||
| 952 | |0 0 |1 0 |3 erb |4 0 |6 226_200000000000000_RIE_2009 |7 0 |8 A |9 481897 |a BIBTEO |b BIBTEO |h v.1 |i 5362687 |o 226.2 RIE 2009 |p 5362687 |r 2025-01-17 |w 2019-11-24 |y BK |z Catalogado en:20170303 |k ICR | ||